000 00742nam a22001577a 4500
003 OSt
005 20150921161949.0
008 150921b xxu||||| |||| 00| 0 eng d
040 _cRUA
082 _aAGR HOR 2010 BO43 Or.1
100 _91036
_aHORN, LYNAN
245 _aSCLEROTIUM ROLFSII DISEASE MANAGERMENT USING SOLARIZATION ON MUNGBEAN IN GREENHOUSE CONDTION វិធានការការពារផ្សិត ក្លែរ៉ូទីញ៉ូម រ៉ូស្ស៊ី ដោយប្រើពន្លឺថ្ងៃ លើដំណាំសណ្តែកបាយក្នុងលក្ខខណ្ធផ្ទះកញ្ចក់.
260 _aPHNOM PHEN
_bRUA
_c2010
300 _aX,43P.
_bILL.
_c29CM.
942 _2ddc
_cAGR
999 _c996
_d996